2020-2021 NBA all stars - Statistics

General Stats
  • This quiz has been taken 35 times
  • The average score is 26 of 27
Answer Stats
Team Answer All Star Team % Correct
LA Anthony Davis Injured
100%
WA Bradley Beal Durant
97%
PHX Chris Paul Lebron
97%
POR Damian Lillard Lebron
97%
PHX Devin Booker Durant
97%
IND Domantas Sabonis Lebron
97%
BKN James Harden Durant
97%
BOS Jason Tatum Durant
97%
PHI Joel Embiid Injured
97%
LA Kawhi Leonard Durant
97%
BKN Kevin Durant Durant
97%
BKN Kyrie Irving Durant
97%
LA Lebron James Lebron
97%
DAL Luka Doncic Lebron
97%
DEN Nikola Jokic Lebron
97%
LA Paul George Lebron
97%
GSW Stephen Curry Lebron
97%
PHI Ben Simmons Injured
94%
UTA Donovan Mitchell Durant
94%
NYK Julius Randle Durant
94%
ORL/CHI Nikola Vucevic Durant
94%
NO Zion Williamson Durant
94%
MIL Giannis Antetokounmpo Lebron
91%
CHI Zach Lavine Durant
91%
BOS Jalen Brown Lebron
88%
UTA Rudy Gobert Lebron
88%
UTA Mike Conley Durant
85%
No matching quizzes found
Score Distribution
Percent of People with Each Score
Percentile by Number Answered
Your Score History
You have not taken this quiz